Legal systems of the world: a political, social and cultural encyclopedia (Record no. 2775)

MARC details
000 -LEADER
fixed length control field 00533nam a2200157Ia 4500
020 ## - INTERNATIONAL STANDARD BOOK NUMBER
ISBN 1-57607-231-2
082 ## - DEWEY DECIMAL CLASSIFICATION NUMBER
Classification number RR 340.03 LEG-
245 #0 - TITLE STATEMENT
Title Legal systems of the world: a political, social and cultural encyclopedia
260 ## - PUBLICATION, DISTRIBUTION, ETC. (IMPRINT)
Place of publication California
Name of publisher ABC-CLIO
Year of publication 2002
300 ## - PHYSICAL DESCRIPTION
Number of Pages 4v.
500 ## - GENERAL NOTE
General note Contents: Vol.1.A-D(viii, 455p.) - v.2.E-L(viii, 457-930p.) - v.3.M-R(viii, 1390p.) - v.4.S-Z(viii, 1391-1883p.)
504 ## - BIBLIOGRAPHY, ETC. NOTE
Bibliography, etc Includes glossary, index
650 ## - SUBJECT ADDED ENTRY--TOPICAL TERM
Topical Term Law - Encyclopedias
700 ## - ADDED ENTRY--PERSONAL NAME
Personal name Kritzer, Herbert M.
942 ## - ADDED ENTRY ELEMENTS (KOHA)
Koha item type Books
Source of classification or shelving scheme Dewey Decimal Classification
Holdings
Withdrawn status Lost status Damaged status Not for loan Home library Current library Date acquired Serial Enumeration / chronology Bill Date Full call number Accession Number Price effective from Koha item type
        NASSDOC Library NASSDOC Library 08/06/2004 V.1 2004-10-05 RR 340.03 LEG- 38593 18/04/2019 Books
        NASSDOC Library NASSDOC Library 08/06/2004 V.2 2004-10-05 RR 340.03 LEG- 38594 18/04/2019 Books
        NASSDOC Library NASSDOC Library 08/06/2004 V.3 2004-10-05 RR 340.03 LEG- 38595 18/04/2019 Books
        NASSDOC Library NASSDOC Library 08/06/2004 V.4 2004-10-05 RR 340.03 LEG- 38596 18/04/2019 Books